000 00367 a2200145 4500
001 92141
082 _a670.28563 DAG
090 _c44102
_d44101
100 _aCihan H Dagli
245 _aArtificial Neural Networks for Intelligent Manufacturing
250 _a1
260 _aUK
_bChapman and Hall
_c1994
300 _axvi, 469p.
_bHb
500 _aGeneral Book
942 _aCAE NUST
_k670.28563 DAG
999 _c327214
_d327214